Triết học : Hỏi và đáp /

Triết học - vai trò của nó trong đời sống của con người và xã hội; Thể loại lịch sử của triết học và triết lý; Những vấn đề triết học của tồn tại và vật chất; Con người trong vũ trụ: bức tranh của triết học, của tôn giáo và của khoa học về thế giới; Bản chất của con người và mục đích tồn tại của nó....

Descrizione completa

Salvato in:
Dettagli Bibliografici
Autore principale: Nexmeyanov, E. E.
Altri autori: Trần Nguyên Việt, TS. (dịch.)
Natura: Libro
Lingua:Vietnamese
Russian
Pubblicazione: Đà Nẵng : Nxb. Đà Nẵng, 2004.
Soggetti:
Tags: Aggiungi Tag
Nessun Tag, puoi essere il primo ad aggiungerne! !
Thư viện lưu trữ: Mạng thư viện Đại học Đà Nẵng
LEADER 01549cam a2200361 a 4500
001 000044480
003 2864
005 20070530134320.0
008 010220b2004 vm 000 vie
020 |c 55000 
040 |a LIRC  |c LIRC  |d LIRC 
041 1 |a vie  |h rus 
082 1 4 |a 101  |b NE-E 
100 1 |a Nexmeyanov, E. E. 
245 1 0 |a Triết học :  |b Hỏi và đáp /  |c E. E Nexmeyanov ; Trần Nguyên Việt biên dịch. 
260 |a Đà Nẵng :  |b Nxb. Đà Nẵng,  |c 2004. 
300 |a 317 tr. ;  |c 24 cm. 
520 3 |a Triết học - vai trò của nó trong đời sống của con người và xã hội; Thể loại lịch sử của triết học và triết lý; Những vấn đề triết học của tồn tại và vật chất; Con người trong vũ trụ: bức tranh của triết học, của tôn giáo và của khoa học về thế giới; Bản chất của con người và mục đích tồn tại của nó. 
630 0 4 |a Triết học. 
650 0 4 |a Triết học. 
700 1 |a Trần Nguyên Việt,  |c TS.,  |e dịch. 
OWN |a DUT 
AVA |a UDN50  |b DUT  |c Book  |d 101 NE-E  |e available  |t Error 5001 Not defined in file expand_doc_bib_avail.  |f 4  |g 0  |h N  |i 0  |j SH  |k 1 
999 |a From the UDN01 
AVA |a UDN50  |b DUT  |c Book  |d 101 NE-E  |e available  |t Error 5001 Not defined in file expand_doc_bib_avail.  |f 4  |g 0  |h N  |i 0  |j SH  |k 1 
TYP |a Monograph 
TYP |a Printed language 
980 |a Mạng thư viện Đại học Đà Nẵng